La réponse est une commune des Pyrénées-Orientales - Statistiques

Statistiques générales
  • Ce quiz a été pris 11 fois
  • Le résultat moyen est 7 sur 20
Statistiques - réponses
Indice Lettre Commune % Correct
Ils peuvent être plats, aigus ou encore morts (L) A Les {Angles}
89%
Abréviation désignant les entreprises ou le secteur des technologies avancées (L) T Le {Tech}
89%
Verbe avoir, conjugué au passé simple à la première personne du singulier E Eus
78%
Presque le nom de 3,14 P Py
78%
Monnaie du Brésil ou grand club de football de Madrid R Réal
56%
Perturba, troubla, mélangea B Brouilla
44%
Un plateau d'échecs ou de dames en est composé C {Cases}-de-Pène
44%
Chien à trois têtes des enfers C Cerbère
33%
Plus grande course cycliste de France, si son nom était employé à la féminine universelle L Latour-de-France
33%
Nom d'une puissante cité sumérienne de Mésopotamie, ayant connu son apogée au IIIème millénaire avant J.-C. U Ur
33%
Trou creusé dans le sol F Fosse
22%
Petite ville fortifiée créée de toutes pièces (L) B La {Bastide}
22%
Pneumopathie interstitielle aïgue P Pia
22%
Variétés de pommes majoritairement originaires d'Anjou et dont le goût rappelle le fenouil F Fenouillet
11%
Encaissements d'une vallée creusés par un cours d'eau dans une chaîne de montagnes (L) C Les {Cluses}
11%
Circula, déambula, se promena P Passa
11%
Tint, revêtit, amena P Porta
11%
Plantes à fleur originaire d'Asie orientale et méridionale C Camélas
0%
Fille aînée de Edard Stark, dans Game of Thrones S Sansa
0%
Homonyme du chef des tigres à dents de sabre, dans L'Age de Glace 1 S Sauto
0%
Aucun quiz correspondant
Distribution des résultats
% des personnes avec chaque résultat
Percentile par nombre de réponses
Votre historique - résultats
Vous n’avez pas pris ce quiz